Life sciences: Fundamentals and practice - 1 (Record no. 19841)
[ view plain ]
| 000 -LEADER | |
|---|---|
| fixed length control field | 00495nam a2200181Ia 4500 |
| 008 - FIXED-LENGTH DATA ELEMENTS--GENERAL INFORMATION | |
| fixed length control field | 230917s9999||||xx |||||||||||||| ||und|| |
| 020 ## - ISBN | |
| Price | RS405 |
| 040 ## - CATALOGING SOURCE | |
| -- | 235874 |
| Original cataloging agency | VIVEKANANDA LIBRARY |
| 041 ## - Language | |
| -- | English |
| 082 ## - DDC NUMBER | |
| Classification number | 570 P886L(5) |
| 100 ## - MAIN ENTRY--PERSONAL NAME | |
| Personal name | Pranav Kumar |
| 245 #0 - TITLE STATEMENT | |
| Title | Life sciences: Fundamentals and practice - 1 |
| 250 ## - EDITION STATEMENT | |
| Edition statement | 5th ed. |
| 260 ## - PUBLICATION, DISTRIBUTION, ETC. (IMPRINT) | |
| Place of publication, distribution, etc | New Delhi |
| Name of publisher, distributor, etc | Pathfinder Publication |
| Date of publication, distribution, etc | 2016 |
| 300 ## - PHYSICAL DESCRIPTION | |
| Pages | xi, 598 p. |
| 500 ## - GENERAL NOTE | |
| General note | 2461 22/11/2016 RBP17/63630 10/02/2017 Main Budget |
| 942 ## - ADDED ENTRY ELEMENTS (KOHA) | |
| Koha item type | Books |
| Withdrawn status | Lost status | Damaged status | Not for loan | Location (home branch) | Sublocation or collection (holding branch) | Date acquired | Koha issues (times borrowed) | Koha full call number | Accession No. | Koha date last seen | Koha item type | Shelving location |
|---|---|---|---|---|---|---|---|---|---|---|---|---|
| VIVEKANANDA LIBRARY | VIVEKANANDA LIBRARY | 03/03/2017 | 4 | 570 P886L(5) | 359863 | 30/12/2024 | Books | |||||
| VIVEKANANDA LIBRARY | VIVEKANANDA LIBRARY | 03/03/2017 | 6 | 570 P886L(5) | 359864 | 22/05/2025 | Books | |||||
| VIVEKANANDA LIBRARY | VIVEKANANDA LIBRARY | 03/03/2017 | 7 | 570 P886L(5) | 359865 | 19/08/2025 | Books | |||||
| VIVEKANANDA LIBRARY | VIVEKANANDA LIBRARY | 03/03/2017 | 570 P886L(5) | 359866 | 17/09/2023 | Books | ||||||
| VIVEKANANDA LIBRARY | VIVEKANANDA LIBRARY | 03/03/2017 | 8 | 570 P886L(5) | 359867 | 21/08/2025 | Books | |||||
| VIVEKANANDA LIBRARY | VIVEKANANDA LIBRARY | 03/03/2017 | 5 | 570 P886L(5) | 366174 | 18/09/2025 | Books | UIET Library | ||||
| VIVEKANANDA LIBRARY | VIVEKANANDA LIBRARY | 03/03/2017 | 3 | 570 P886L(5) | 366175 | 27/02/2025 | Books | UIET Library | ||||
| VIVEKANANDA LIBRARY | VIVEKANANDA LIBRARY | 03/03/2017 | 7 | 570 P886L(5) | 366176 | 15/10/2024 | Books | UIET Library | ||||
| VIVEKANANDA LIBRARY | VIVEKANANDA LIBRARY | 03/03/2017 | 4 | 570 P886L(5) | 366177 | 29/04/2024 | Books | UIET Library | ||||
| VIVEKANANDA LIBRARY | VIVEKANANDA LIBRARY | 03/03/2017 | 2 | 570 P886L(5) | 366178 | 27/09/2024 | Books | UIET Library |
